|
|
|
|
| LEADER |
00000cab a2200000 a 4500 |
| 001 |
vtls010569255 |
| 003 |
SK-MaSNL |
| 005 |
20260318124151.0 |
| 008 |
140115c2013 xo mr p 000 c0ukr |
| 015 |
|
|
|a SNBRB2014/01
|
| 038 |
|
|
|a SVKPOCL
|
| 040 |
|
|
|a SVKPOCL
|b slo
|c SVKPOCL
|d SVKPOCL
|e AACR2
|
| 041 |
0 |
|
|a ukr
|
| 044 |
|
|
|a xo
|c SK
|
| 080 |
|
|
|a 80(=16)+908(4)
|2 2001
|
| 080 |
|
|
|a 80(=161.2)+908(437.6)
|2 2001
|
| 080 |
|
|
|a 81'1-051
|2 2001
|
| 080 |
|
|
|a 81.161.25
|2 2001
|
| 080 |
|
|
|a 929 Pugh, Stefan
|2 2001
|
| 100 |
1 |
|
|a Koporová, Kvetoslava,
|d 1964-
|4 aut
|9 110878
|
| 245 |
1 |
0 |
|a Odŷšov vŷznačnŷj lingvista i rusynista - prof. Dr. Štefan Pju
|c Kvetoslava Koporova
|
| 300 |
|
|
|b Fotogr.
|
| 500 |
|
|
|a Súčasťou nekrológu je aj rozhovor s prof. Stefanom Pughom pri jeho návšteve Slovenska v roku 2007
|
| 600 |
1 |
7 |
|a Pugh, Stefan,
|d 1956-2013
|2 svkpocl
|9 1276240
|
| 650 |
0 |
7 |
|a lingvisti
|2 svkpocl
|9 119182
|
| 650 |
0 |
7 |
|a slavistika
|2 svkpocl
|9 4282
|
| 650 |
0 |
7 |
|a risinistika
|2 svkpocl
|9 1095322
|
| 650 |
0 |
7 |
|a rusínčina
|2 svkpocl
|9 51510
|
| 650 |
0 |
7 |
|a osobnosti
|2 svkpocl
|9 29820
|
| 651 |
|
7 |
|a Dayton (Ohio)
|2 svkpocl
|9 133150
|
| 655 |
|
7 |
|a nekrológy
|2 svkpocl
|9 402542
|
| 655 |
|
7 |
|a články z novín a časopisov
|2 svkpocl
|9 267496
|
| 773 |
0 |
|
|t Narodnŷ novynkŷ
|g Roč. XXIII, č. 11 (2013), s. 1 a 3
|
| 852 |
|
|
|a SVKPO
|b KIS3GCP
|
| 856 |
4 |
1 |
|u http://narodny-novynky.presov.sk
|
| 856 |
4 |
1 |
|u http://www. rusynacademy.sk
|
| 958 |
|
|
|a RN
|
| 958 |
|
|
|a BC
|
| 958 |
|
|
|a SS
|
| 958 |
|
|
|a US
|
| 999 |
|
|
|c 2531756
|d 2533686
|